Human capital management: evaluation of selected unemployment aspects

Vybrané aspekty nezamestnanosti a identifikovanie kauzalít medzi nezamestnanými (registrovanými uchádzačmi o zamestnanie) so zameraním na fakty, ktoré by sa mali zohľadniť pri riadení nezamestnaných.

Gespeichert in:
Bibliographische Detailangaben
1. Verfasser: Fiľa, Milan
Weitere Verfasser: Juráňová, Katarína
Format: Buchkapitel
Sprache:Englisch
Schlagworte:
Tags: Tag hinzufügen
Keine Tags, Fügen Sie das erste Tag hinzu!

MARC

LEADER 00000nla a2200000 4500
001 0230998
005 20240417075119.5
041 0 |a eng 
044 |a UA 
245 1 0 |a Human capital management: evaluation of selected unemployment aspects  |c Milan Fiľa, Katarína Juráňová 
520 |a Vybrané aspekty nezamestnanosti a identifikovanie kauzalít medzi nezamestnanými (registrovanými uchádzačmi o zamestnanie) so zameraním na fakty, ktoré by sa mali zohľadniť pri riadení nezamestnaných. 
610 2 0 |a nezamestnanosť 
610 2 0 |a nezamestnaní 
610 2 0 |a rekvalifikácia 
610 2 0 |a politika zamestnanosti 
610 2 0 |a trh práce 
610 2 0 |a miesta pracovné voľné 
610 2 0 |a Slovensko 
100 1 |a Fiľa, Milan 
700 1 |a Juráňová, Katarína